| 000 -LEADER |
| fixed length control field |
00578nam a22001097a 4500 |
| 008 - FIXED-LENGTH DATA ELEMENTS--GENERAL INFORMATION |
| fixed length control field |
190128b ||||| |||| 00| 0 eng d |
| 100 ## - MAIN ENTRY--AUTHOR'S NAME |
| Author's Name |
Wallace, Clayton |
| 245 ## - TITLE STATEMENT |
| Title |
The London 1945 United Nations slogan cancellations (2nd Ed?) |
| 260 ## - PUBLICATION, DISTRIBUTION, ETC. (IMPRINT) |
| Name of publisher, distributor, etc. |
Clayton J. Wallace |
| Date of publication, distribution, etc. |
2000? |
| 650 ## - TOPICAL TERM (Tag) |
| Topical term or geographic name |
Great Britain -- London | Postal Markings -- Slogan | 1945 | Machine Cancels | Post Offices | Postal Rates | Air Mail | Air Mail -- Rates | Covers | Postal History | Collecting -- Arrangement and Mounting | Topical Collecting | Exhibits | United Nations | Bibliographies |
| 700 ## - SECONDARY AUTHOR, EDITOR OR ILLUSTRATOR |
| Personal Name |
Barnes, William |